Bordering Countries by Country Shape #1 - Statistics

General Stats
  • This quiz has been taken 363 times
  • The average score is 5 of 5
Answer Stats
Country % Correct
Brazil
100%
Chile
100%
Uruguay
99%
Paraguay
98%
Bolivia
97%
No matching quizzes found
Score Distribution
Percent of People with Each Score
Percentile by Number Answered
Your Score History
You have not taken this quiz